A megbízásnélküli ügyvitel kérdéséhez

Elmentve itt :
Bibliográfiai részletek
Szerző: Beck Salamon
Dokumentumtípus: Cikk
Megjelent: 1933
Sorozat:Polgári jog : a hazai és külföldi magánjog és hiteljog szemléje 9
Kulcsszavak:Kötelmi jog magyar joggyakorlat
Online Access:http://misc.bibl.u-szeged.hu/6185
LEADER 00625nab a2200169 i 4500
001 misc6185
005 20191106142347.0
008 170607s1933 hu o 0|| hun d
040 |a SZTE Miscellanea Repozitórium  |b hun 
041 |a hun 
100 1 |a Beck Salamon 
245 1 2 |a A megbízásnélküli ügyvitel kérdéséhez  |h [elektronikus dokumentum] /  |c  Beck Salamon 
260 |c 1933 
300 |a 209-213a 
490 0 |a Polgári jog : a hazai és külföldi magánjog és hiteljog szemléje  |v 9 
695 |a Kötelmi jog magyar joggyakorlat 
856 4 0 |u http://misc.bibl.u-szeged.hu/6185/1/polgari_jog_1933_209-213a.pdf  |z Dokumentum-elérés